Comedias religiosas: La devoción de la cruz. El mágico prodigioso

Na minha lista:
Detalhes bibliográficos
Autor principal: Calderón de la Barca, Pedro
Formato: Livro
Idioma:Undetermined
Publicado em: Madrid, España Espasa-Calpe 1970
Edição:5a. ed.
Assuntos:
Tags: Adicionar Tag
Sem tags, seja o primeiro a adicionar uma tag!

MARC

LEADER 00000nam a2200000Ia 4500
008 170316s9999 xx 000 0 und d
040 |a cru BVZT 
090 |a 862 C-3cr 
100 |a Calderón de la Barca, Pedro 
245 |a Comedias religiosas: La devoción de la cruz. El mágico prodigioso 
250 |a 5a. ed. 
260 |a Madrid, España 
260 |b Espasa-Calpe 
260 |c 1970 
300 |a 230 páginas 
650 |a LITERATURA ESPAÑOLA 
650 |a OBRAS DE TEATRO 
999 |c 9734  |d 9734 
942 |c 15 D  |h 862 C-3cr  |2 z